000 00625nam a2200217Ia 4500
003 OSt
005 20251218113958.0
008 220917b |||||||| |||| 00| 0 eng d
020 _a0521254574 (hbk)
037 _cTB
040 _aARTS
_cARTS
_beng
041 _2eng
_aeng
084 _aR2xN30 M4
_qAL
100 _aLevi, Isaac
_918061
245 0 _aDecisions and revision:
_b Philosophical essays on .....
260 _aCambridge, UK:
_bCambridge Univ. Press,
_c1984.
300 _axv, 293p
_ccm.
650 _aPHILOSOPHY
_9855914
942 _hR2x30 M4
_cTB
_2CC
_n0
999 _c123994
_d123994